| 000 | 00841nam a22001337a 4500 | ||
|---|---|---|---|
| 040 | _cRUA | ||
| 082 | _aLMA KEO 2013 B317 Or.1 | ||
| 100 | _aKEO, ROMECHANTRA. | ||
| 245 | _aStudy on the process of implementation social land concessions to people in samakimeanchey district kampong chhnang province, សិក្សាអំពីដំណើរការនៃការអនុវត្តន៍សម្បទានដីសង្គមកិច្ចដើម្បីផ្ដលដីជូនដល់ប្រជាពលរដ្ឋនៅក្នុងស្រុកសាមគីមានជ័យ ខេត្តកំពង់ឆ្នាំង | ||
| 260 |
_aPhnom Penh _bRUA _c2013 |
||
| 300 |
_ax; 42p. _bill. _c29cm. |
||
| 856 | _uhttps://drive.google.com/file/d/18njbpxjvpAuiVb3OizAch38FYVtqU8ZP/view?usp=sharing | ||
| 942 | _cLMA | ||
| 999 |
_c5589 _d5589 |
||